000 00633nam a2200217 a 4500
001 000023224
005 20200930022054.0
008 101130s1973 sp r 000 | spa d
020 _a8471561328
040 _aDO-SdBNP
_bspa
_cBNPHU
082 _axxx
_bC393v
100 1 _aCellini, Benvenuto
_947814
245 1 0 _aVida de Benvenuto Cellini /
_cBenvenuto Cellini; Traducción y prólogo A. Espino.
250 _a2a ed.
260 _aMadrid :
_bMediterráneo,
_c1973.
300 _a172 p. ;
_c19 cm.
490 _aBolsillo Edimo,
_v25
700 1 _aEspino, A.
_etr.
_947815
830 0 _aBolsillo Edimo,
_v25
_947816
049 _aBNGR
999 _c22721
_d22721